| 000 | 00672nam a2200217Ia 4500 | ||
|---|---|---|---|
| 005 | 20220705114323.0 | ||
| 008 | 210716s2000 xx 000 0 und d | ||
| 020 | _a9788121919932 | ||
| 040 | _cAIMIT LIBRARY | ||
| 041 | _aeng | ||
| 082 |
_a003.54 _21 _bGUPA |
||
| 100 |
_aGupta A.S. _947017 |
||
| 245 |
_aManagement information systems / _cBy A.K.Gupta |
||
| 250 | _a1 | ||
| 260 |
_aNew Delhi : _bS Chand and Company Ltd , _c2000. |
||
| 300 |
_aviii,278 p. : _c25.5 cm. |
||
| 650 |
_aInformation systems for decision making _947018 |
||
| 650 |
_aData Communications systems _947019 |
||
| 650 |
_aDecision support system _947020 |
||
| 942 |
_2ddc _cBK _e1st _k003.54 GUPA |
||
| 999 |
_c184388 _d184388 |
||